Miasta w Ukrainie - Statystyki

Ogólne statystyki
  • Ten quiz został rozwiązany 1 831 razy
  • Średni wynik to 13 z 30
Statystyki odpowiedzi
Ludność Miasto % Poprawnych
2 967 360 Kijów
100%
724 314 Lwów
95%
1 443 207 Charków
89%
908 456 Donieck
82%
1 018 669 Odessa
81%
443 097 Ługańsk
66%
990 724 Dniepr
64%
731 922 Zaporoże
55%
449 138 Sewastopol
51%
480 080 Mikołajów
49%
328 360 Chersoń
48%
619 278 Krzywy Róg
46%
293 141 Sumy
42%
208 816 Łuck
39%
356 665 Winnica
38%
284 236 Żytomierz
37%
248 813 Równe
34%
227 755 Tarnopol
33%
218 359 Iwano-Frankiwsk
32%
317 998 Połtawa
32%
290 000 Chmielnicki
30%
295 414 Czerkasy
26%
304 994 Czernihów
26%
343 644 Symferopol
21%
240 621 Czerniowce
14%
234 073 Krzemieńczuk
10%
292 250 Gorłówka
8%
254 103 Kropywnycki
7%
255 841 Kamieńskie
3%
389 589 Makijiwka
2%
Nie znaleziono quizów pasujących do podanych kryteriów
Rozkład punktacji
Procent ludzi z każdym wynikiem
Percentyl według liczby udzielonych odpowiedzi
Twoja historia wyników
Nie rozwiązałeś tego quizu